000 00362nam a22001457a 4500
005 20240708122446.0
008 240708b |||||||| |||| 00| 0 eng d
020 _a978-93-92813-33-7
041 _aeng
100 _aSONI. SURESH
_98450
245 _aBHARTIYA SHIKSHA KA BHARTIYAKARAN
260 _aNAGPUR
_bSHREE BHARTI PRAKASHAN
300 _a23; P
942 _cBK
999 _c8566
_d8564